<?xml version="1.0" encoding="UTF-8"?>
<record
    xmlns:xsi="http://www.w3.org/2001/XMLSchema-instance"
    xsi:schemaLocation="http://www.loc.gov/MARC21/slim http://www.loc.gov/standards/marcxml/schema/MARC21slim.xsd"
    xmlns="http://www.loc.gov/MARC21/slim">

  <leader>02543nam a2200373 i 4500</leader>
  <controlfield tag="003">DO-SdBNP</controlfield>
  <controlfield tag="005">20260519141702.0</controlfield>
  <controlfield tag="007">ta</controlfield>
  <controlfield tag="008">211118b2021    dr ab||| |||| 00| 0 spa d</controlfield>
  <datafield tag="020" ind1=" " ind2=" ">
    <subfield code="a">9789945919714</subfield>
  </datafield>
  <datafield tag="040" ind1=" " ind2=" ">
    <subfield code="a">DO-SdBNP </subfield>
    <subfield code="b">spa</subfield>
    <subfield code="c">BNPHU </subfield>
    <subfield code="e">rda</subfield>
  </datafield>
  <datafield tag="041" ind1=" " ind2=" ">
    <subfield code="a">spa</subfield>
  </datafield>
  <datafield tag="082" ind1=" " ind2="4">
    <subfield code="a">972.9304</subfield>
    <subfield code="b">M433c</subfield>
    <subfield code="2">22</subfield>
  </datafield>
  <datafield tag="100" ind1="1" ind2=" ">
    <subfield code="a">Matos Gonz&#xE1;lez, Ramiro, </subfield>
    <subfield code="d">1927-</subfield>
    <subfield code="e">autor</subfield>
    <subfield code="4">aut.</subfield>
    <subfield code="9">80662</subfield>
  </datafield>
  <datafield tag="245" ind1="1" ind2="0">
    <subfield code="a">Cronolog&#xED;a militar de la Restauraci&#xF3;n /</subfield>
    <subfield code="c">Ramiro Matos Gonz&#xE1;lez ; pr&#xF3;logo, Jos&#xE9; Miguel Soto Jim&#xE9;nez.</subfield>
  </datafield>
  <datafield tag="250" ind1=" " ind2=" ">
    <subfield code="a">Primera edici&#xF3;n </subfield>
  </datafield>
  <datafield tag="264" ind1=" " ind2="4">
    <subfield code="a">Santo Domingo : </subfield>
    <subfield code="b">Ministerio de Defensa de Rep&#xFA;blica Dominicana, </subfield>
    <subfield code="c">&#xA9;2021.</subfield>
  </datafield>
  <datafield tag="300" ind1=" " ind2=" ">
    <subfield code="a">2 vol&#xFA;menes :</subfield>
    <subfield code="b">ilustraciones y mapas ; </subfield>
    <subfield code="c">28 cm. </subfield>
  </datafield>
  <datafield tag="336" ind1=" " ind2=" ">
    <subfield code="a">texto </subfield>
    <subfield code="b">txt</subfield>
    <subfield code="2">rdacontent</subfield>
  </datafield>
  <datafield tag="337" ind1=" " ind2=" ">
    <subfield code="a">sin mediaci&#xF3;n</subfield>
    <subfield code="b">n</subfield>
    <subfield code="2">rdamedia </subfield>
  </datafield>
  <datafield tag="338" ind1=" " ind2=" ">
    <subfield code="a">volumen </subfield>
    <subfield code="b">nc</subfield>
    <subfield code="2">rdacarrier </subfield>
  </datafield>
  <datafield tag="500" ind1=" " ind2=" ">
    <subfield code="a">Incluye datos biogr&#xE1;ficos del autor en la contracubierta.</subfield>
  </datafield>
  <datafield tag="500" ind1=" " ind2=" ">
    <subfield code="a">Incluye &#xED;ndice onom&#xE1;stico</subfield>
  </datafield>
  <datafield tag="500" ind1=" " ind2=" ">
    <subfield code="a">Cronolog&#xED;a anotada de la Guerra de la Restauraci&#xF3;n Dominicana, un conflicto guerrillero que tuvo lugar entre 1863 y 1865 en la Rep&#xFA;blica Dominicana entre nacionalistas y Espa&#xF1;a, que hab&#xED;a recolonizado el pa&#xED;s 17 a&#xF1;os despu&#xE9;s de su independencia. Finaliz&#xF3; con una victoria dominicana, liderada por el general Gregorio Luper&#xF3;n, y la retirada de las fuerzas espa&#xF1;olas del pa&#xED;s. Ramiro Matos Gonz&#xE1;lez (1927) es historiador y general retirado de las Fuerzas Armadas Dominicanas.</subfield>
  </datafield>
  <datafield tag="500" ind1=" " ind2=" ">
    <subfield code="a">Vol&#xFA;menes 1 y 2 publicados juntos </subfield>
  </datafield>
  <datafield tag="504" ind1=" " ind2=" ">
    <subfield code="a">Bibliograf&#xED;a : v.1.  p. 351-352 
 </subfield>
  </datafield>
  <datafield tag="504" ind1=" " ind2=" ">
    <subfield code="a">Bibliograf&#xED;a :  v.2.  p. 698 </subfield>
  </datafield>
  <datafield tag="505" ind1="0" ind2=" ">
    <subfield code="a">Dedicatoria, I.-- Agradecimientos, III.-- Pr&#xF3;logo, IV.-- </subfield>
    <subfield code="g">TOMO I : 1861-1863</subfield>
    <subfield code="t">Advertencia, 1.-- Per&#xED;odo de la anexi&#xF3;n : antecedentes, 4.-- Academia Militar, 4.-- Per&#xED;odo de Capotillo, 38.-- Segundo encuentro, 99.-- Tercer encuentro, 100.-- Restauraci&#xF3;n, 202.-- Bibliograf&#xED;a tomo I : 1861 y 1863 per&#xED;odo de la anexi&#xF3;n, 351.-- </subfield>
    <subfield code="g">TOMO II : 1864-1865</subfield>
    <subfield code="t">Muerte del General Pedro Florentino, 438.-- "Proclama de Gaspar Polanco", 575.-- Prisi&#xF3;n del General Jos&#xE9; Antonio Salcedo, 579.-- Gobernantes dominicanos durante la anexi&#xF3;n, hasta el triunfo de los restauradores y salida de las tropas espa&#xF1;olas, 697.-- Bibliograf&#xED;a tomo II, 698.-- &#xCD;ndice de mapas, 699.</subfield>
  </datafield>
  <datafield tag="590" ind1=" " ind2=" ">
    <subfield code="a">Inventariado, 2021 /LP </subfield>
  </datafield>
  <datafield tag="651" ind1=" " ind2="7">
    <subfield code="a">Rep&#xFA;blica Dominicana</subfield>
    <subfield code="x">Historia </subfield>
    <subfield code="y">Guerra de la Restauraci&#xF3;n, 1863-1865 </subfield>
    <subfield code="x">Cronolog&#xED;a</subfield>
    <subfield code="2">LIBRUNAM </subfield>
    <subfield code="9">89601</subfield>
  </datafield>
  <datafield tag="700" ind1="1" ind2=" ">
    <subfield code="a">Soto Jim&#xE9;nez, Jos&#xE9; Miguel,</subfield>
    <subfield code="e">pr&#xF3;logo</subfield>
    <subfield code="9">79991</subfield>
  </datafield>
  <datafield tag="910" ind1=" " ind2=" ">
    <subfield code="a">Lop&#xE9;rez</subfield>
  </datafield>
  <datafield tag="942" ind1=" " ind2=" ">
    <subfield code="2">ddc</subfield>
    <subfield code="c">LBS1</subfield>
  </datafield>
  <datafield tag="952" ind1=" " ind2=" ">
    <subfield code="0">0</subfield>
    <subfield code="1">0</subfield>
    <subfield code="2">ddc</subfield>
    <subfield code="5">1</subfield>
    <subfield code="7">0</subfield>
    <subfield code="8">PD</subfield>
    <subfield code="a">BNPHU</subfield>
    <subfield code="b">BNPHU</subfield>
    <subfield code="c">HD</subfield>
    <subfield code="d">2021-11-18</subfield>
    <subfield code="e">Dep&#xF3;sito Legal </subfield>
    <subfield code="o">BNPHU PD 972.9304 M433c</subfield>
    <subfield code="p">2021-28184</subfield>
    <subfield code="r">2021-11-18</subfield>
    <subfield code="t">v.1</subfield>
    <subfield code="w">2021-11-18</subfield>
    <subfield code="y">LBS1</subfield>
  </datafield>
  <datafield tag="952" ind1=" " ind2=" ">
    <subfield code="0">0</subfield>
    <subfield code="1">0</subfield>
    <subfield code="2">ddc</subfield>
    <subfield code="5">1</subfield>
    <subfield code="7">0</subfield>
    <subfield code="8">PD</subfield>
    <subfield code="a">BNPHU</subfield>
    <subfield code="b">BNPHU</subfield>
    <subfield code="c">HD</subfield>
    <subfield code="d">2021-11-18</subfield>
    <subfield code="e">Dep&#xF3;sito Legal </subfield>
    <subfield code="o">BNPHU PD 972.9304 M433c</subfield>
    <subfield code="p">2021-28185</subfield>
    <subfield code="r">2021-11-18</subfield>
    <subfield code="t">v.1, e.2</subfield>
    <subfield code="w">2021-11-18</subfield>
    <subfield code="y">LBS1</subfield>
  </datafield>
  <datafield tag="999" ind1=" " ind2=" ">
    <subfield code="c">50988</subfield>
    <subfield code="d">50988</subfield>
  </datafield>
</record>
